| 000 | 00601nam a2200193 a 4500 | ||
|---|---|---|---|
| 001 | 000014130 | ||
| 005 | 20240412074240.0 | ||
| 008 | 091204s1988 dr a 000 p spa d | ||
| 040 |
_aDO-SdBNP _bspa _cBNPHU |
||
| 082 |
_aRD861.44 _bA989c |
||
| 100 | 1 |
_aAyuso, José Alejandro _d1963 - _931964 |
|
| 245 | 1 | 0 |
_aCon su música por dentro / _cJosé Alejandro Ayuso. |
| 260 |
_aSanto Domingo : _bTele-3, _c1988. |
||
| 300 |
_a89 p. : _bil. ; _c20 cm. |
||
| 500 | _aIncluye datos biográficos del autor (p. 89) | ||
| 650 | 0 |
_aPoesía dominicana _966 |
|
| 650 | 0 |
_aLiteratura dominicana. _967 |
|
| 049 | _aBNPD | ||
| 999 |
_c13732 _d13732 |
||